000 00644nam a22001817a 4500
999 _c183872
_d183872
005 20220106151721.0
010 _aENG-130984
020 _a978-93-896-48-140
_c699.00
035 _aEN-114516
037 _bDBAD
082 _a306.760954
100 _aShahani, Parmesh
245 _aQueeristan:
_cParmesh Shahani
_bLGBTQ Inclusion in the Indian Workplace/
260 _aChennai
_bWestland Publications Private LImited
_c2020
270 _bChennai
_e600096
_a1st Floor, A Block, East Wing, Plot No. 40, SP infocity, Dr. MGR Salai, Perungundi, Kandanchavadi
300 _a328p.
_c24cm(hbk)
942 _2ddc
_cEN
_h306.760954
_mSHA